000 00460nam a2200193Ia 4500
005 20240820023647.0
008 240331s9999 xx 000 0 und d
020 _a8170900816
082 _bARO
_a494.811
100 _aArokianathan, S
245 0 _aSeminar papers on Dialectology
260 _aTamil Nadu
_bTamil University
_c1987
300 _av, 195 p .,
650 _aSociology
650 _aReligion
650 _aCaste
650 _aSex
942 _cL
999 _c3017
_d3017